01559nam a2200253Ia 4500952011500000952011500115999001700230008004100247020001800288050002300306100004600329245011900375250001900494260004400513300003300557504003200590505043600622519009101058519004501149650003201194650003601226650003601262942000701298 00102lcc4070a04b04d2011-04-11l7oHD30.28 R63 2005p04 003223r2016-05-02s2016-05-02t1w2012-06-24yLB 00102lcc4070a04b04d2015-08-18l6oHD30.28 R63 2005p04 005620r2017-03-21s2017-03-21t2w2015-08-18yLB c62735d62735120625s2005 mx 001 0 spa d a9789706863799 4aHD30.28 bR63 20051 aRodríguez Valencia, Joaquíne , autor10aCómo aplicar la planeación estratégica a la pequeña y mediana empresa c / Joaquín Rodríguez Valencia  a5a. edición  aMéxicob : Cengage Learning c , 2005 ax, 289 páginas c ; 23 cm. aBibliografía: pp. 287-2890 aAspectos de cambio en la empresa y en la función de planeación Generalidades sobre la planeación Estrategia de la empresa Estudio de los cambios en el entorno de la actuación de las empresas mediante la elaboración de escenarios Planeación estratégica-táctica-operativa Cómo diseñar una planeación estratégica Cómo elaborar planes de acción Evaluación del sistema de planeación estratégica  aPlan Flexible / bMercadotecnia / cEstrategias de Mercadotecnia (P27) / d(04 003223) aMaterial Complementario / d(04 005620)  4aPLANIFICACIÓN ESTRATEGICA 4aPLANIFICACIÓN DE NEGOCIOSx  4aPEQUEÑAS Y MEDIANAS EMPRESAS  cLB